MARC details
| 000 -CABECERA |
| campo de control de longitud fija |
00901cam a2200277 a 4500 |
| 001 - NÚMERO DE CONTROL |
| campo de control |
000006953 |
| 003 - IDENTIFICADOR DEL NÚMERO DE CONTROL |
| campo de control |
DO-SdBNP |
| 005 - FECHA Y HORA DE LA ÚLTIMA TRANSACCIÓN |
| campo de control |
20251029112025.0 |
| 008 - DATOS DE LONGITUD FIJA--INFORMACIÓN GENERAL |
| campo de control de longitud fija |
770311s1976 ve a f001 0bspa |
| 040 ## - FUENTE DE LA CATALOGACIÓN |
| Centro catalogador/agencia de origen |
DO-SdBNP |
| Centro/agencia transcriptor |
DLC |
| Centro/agencia modificador |
DLC |
| 043 ## - CÓDIGO DE ÁREA GEOGRÁFICA |
| Código de área geográfica |
s-ve--- |
| 049 ## - FONDOS LOCALES (OCLC) |
| Fondos de biblioteca |
BNGR |
| 082 ## - NÚMERO DE LA CLASIFICACIÓN DECIMAL DEWEY |
| Número de clasificación |
923.287 |
| Número de documento/Ítem |
Z25T |
| 100 1# - ENTRADA PRINCIPAL--NOMBRE DE PERSONA |
| Nombre de persona |
Tapia, José León, |
| Fechas asociadas al nombre |
1928-2007 |
| 9 (RLIN) |
19311 |
| 245 10 - MENCIÓN DE TÍTULO |
| Título |
Por aquí pasó Zamora / |
| Mención de responsabilidad, etc. |
José León Tapia. |
| 260 ## - PUBLICACIÓN, DISTRIBUCIÓN, ETC. |
| Lugar de publicación, distribución, etc. |
Caracas : |
| Nombre del editor, distribuidor, etc. |
Oficina Central de Información, |
| Fecha de publicación, distribución, etc. |
1976. |
| 300 ## - DESCRIPCIÓN FÍSICA |
| Extensión |
288 p. : |
| Otras características físicas |
il. ; |
| Dimensiones |
23 cm. |
| 490 1# - MENCIÓN DE SERIE |
| Mención de serie |
Ezequiel Zamora y su tiempo |
| Designación de volumen o secuencia |
7 |
| 600 14 - PUNTO DE ACCESO ADICIONAL DE MATERIA--NOMBRE DE PERSONA |
| Nombre de persona |
Zamora, Ezequiel, |
| Fechas asociadas al nombre |
1817-1860. |
| 9 (RLIN) |
19312 |
| 650 #4 - PUNTO DE ACCESO ADICIONAL DE MATERIA--TÉRMINO DE MATERIA |
| Término de materia o nombre geográfico como elemento de entrada |
Generales |
| Subdivisión geográfica |
Venezuela |
| Subdivisión general |
Biografía. |
| 9 (RLIN) |
19315 |
| 651 #4 - PUNTO DE ACCESO ADICIONAL DE MATERIA--NOMBRE GEOGRÁFICO |
| Nombre geográfico |
Barinas Venezuela |
| Subdivisión general |
Historia |
| 9 (RLIN) |
19313 |
| 651 #0 - PUNTO DE ACCESO ADICIONAL DE MATERIA--NOMBRE GEOGRÁFICO |
| Nombre geográfico |
Venezuela |
| Subdivisión general |
Historia |
| Subdivisión cronológica |
1858-1863. |
| 9 (RLIN) |
26230 |
| 830 #0 - PUNTO DE ACCESO ADICIONAL DE SERIE-TÍTULO UNIFORME |
| Título uniforme |
Ezequiel Zamora y su tiempo ; |
| Designación de volumen o secuencia |
7 |
| 9 (RLIN) |
19316 |
| 910 ## - DATOS DE OPCIÓN DEL USUARIO (OCLC) |
| Datos de opción del usuario |
Catalogación por copia / LC |
| 942 ## - ELEMENTOS DE PUNTO DE ACCESO ADICIONAL (KOHA) |
| Fuente del sistema de clasificación o colocación |
Dewey Decimal Classification |
| Tipo de ítem Koha |
Libro |